Thuyết minh trực quan nhất về bảng tuần hoàn : Các nguyên tố hóa học = The periodic table book : a visual encyclopedia of the elements
Bảng tuần hoàn được các nhà khoa học khắp thế giới dùng để liệt kê và chi tiết hóa các nguyên tố. Bảng này đưa ra các thông tin then chốt về mỗi nguyên tố, gộp những nguyên tố có đặc tính tương tự thành một nhóm....
Spremljeno u:
| Glavni autor: | |
|---|---|
| Format: | Knjiga |
| Jezik: | Undetermined |
| Izdano: |
Hà Nội
Dân trí
2020
|
| Teme: | |
| Oznake: |
Dodaj oznaku
Bez oznaka, Budi prvi tko označuje ovaj zapis!
|
| Thư viện lưu trữ: | Trung tâm Học liệu Trường Đại học Cần Thơ |
|---|
| LEADER | 01056nam a2200217Ia 4500 | ||
|---|---|---|---|
| 001 | CTU_239111 | ||
| 008 | 210402s9999 xx 000 0 und d | ||
| 020 | |c 499000 | ||
| 082 | |a 546.8 | ||
| 082 | |b J12 | ||
| 100 | |a Jackson, Tom | ||
| 245 | 0 | |a Thuyết minh trực quan nhất về bảng tuần hoàn : | |
| 245 | 0 | |b Các nguyên tố hóa học = The periodic table book : a visual encyclopedia of the elements | |
| 245 | 0 | |c Tom Jackson, Jack Challoner ; Ha Vu (dịch) | |
| 260 | |a Hà Nội | ||
| 260 | |b Dân trí | ||
| 260 | |c 2020 | ||
| 520 | |a Bảng tuần hoàn được các nhà khoa học khắp thế giới dùng để liệt kê và chi tiết hóa các nguyên tố. Bảng này đưa ra các thông tin then chốt về mỗi nguyên tố, gộp những nguyên tố có đặc tính tương tự thành một nhóm. | ||
| 650 | |a Bảng tuần hoàn,Periodic table | ||
| 910 | |b nthai | ||
| 980 | |a Trung tâm Học liệu Trường Đại học Cần Thơ | ||